000 00314nam a22001457a 4500
008 210302b ||||| |||| 00| 0 eng d
020 _a9780205088904
041 _aeng
080 _23rd
_a159.9
082 _a159.9
100 _a48
101 _aPSI
245 _aPsychology
_cCiccarelli. S.K
942 _2udc
_cBK
999 _c55532
_d55532